[Event "SLO-ch 33rd"]
[Site "Radenci"]
[Date "2023.04.27"]
[Round "4"]
[White "Sebenik, Matej"]
[Black "Javornik, Nik"]
[Result "1-0"]
[WhiteElo "2523"]
[BlackElo "2139"]
[PlyCount "69"]
[EventDate "2023.04.25"]
[EventType "team-match"]
[EventRounds "9"]
[EventCountry "SLO"]
[SourceTitle "CBM 214 Extra"]
[Source "ChessBase"]
[SourceDate "2023.07.31"]
[SourceVersion "1"]
[SourceVersionDate "2023.07.31"]
[SourceQuality "1"]

1. d4 Nf6 2. c4 g6 3. g3 Bg7 4. Bg2 0-0 5. Nc3 d6 6. Nf3 Nc6 7. 0-0 e5 8. h3 h6 9. Be3 exd4 10. Nxd4 Nxd4 11. Bxd4 c6 12. Qd2 Be6 13. b3 Qa5 14. Rad1 Rfd8 15. e4 c5 16. Bxf6 Bxf6 17. Nd5 Qxd2 18. Nxf6+ Kg7 19. Rxd2 Kxf6 20. f4 Ke7 21. f5 Bd7 22. f6+ Ke6 23. e5 Bc6 24. Bxc6 bxc6 25. exd6 Rd7 26. Re2+ Kxd6 27. Rd1+ Kc7 28. Rxd7+ Kxd7 29. Re7+ Kd6 30. Rxf7 Ke6 31. Rc7 Kxf6 32. Rxc6+ Kg7 33. Rxc5 a5 34. a4 Rb8 35. Rb5 1-0

[Event "SLO-chT 32nd"]
[Site "Ljubljana"]
[Date "2022.10.28"]
[Round "7.4"]
[White "Gombac, Jan"]
[Black "Javornik, Nik"]
[Result "1/2-1/2"]
[WhiteElo "2289"]
[BlackElo "2090"]
[PlyCount "105"]
[EventDate "2022.09.02"]
[EventType "team-tourn"]
[EventRounds "9"]
[EventCountry "SLO"]
[SourceTitle "EXT 2024"]
[Source "ChessBase"]
[SourceDate "2023.10.10"]
[SourceVersion "1"]
[SourceVersionDate "2023.10.10"]
[SourceQuality "1"]
[WhiteTeam "Krsko Triglav"]
[BlackTeam "Celje"]
[WhiteTeamCountry "SLO"]
[BlackTeamCountry "SVK"]

1. d4 Nf6 2. c4 g6 3. Nc3 Bg7 4. e4 d6 5. Nf3 0-0 6. Be2 e5 7. 0-0 Nc6 8. d5 Ne7 9. b4 Ne8 10. a4 f5 11. Ng5 Nf6 12. Bf3 fxe4 13. Ncxe4 Nf5 14. Ne6 Bxe6 15. dxe6 Nxe4 16. Bxe4 c6 17. b5 Rc8 18. a5 Kh8 19. a6 bxa6 20. bxc6 Nd4 21. Bd5 Qe7 22. Rxa6 Nxe6 23. Be3 Nd4 24. Re1 Qf6 25. f3 Rc7 26. Qa4 e4 27. Bxe4 Re7 28. Rxa7 Rxe4 29. Qd1 Re6 30. Rxg7 Rxe3 31. Rxh7+ Kxh7 32. Rxe3 Nxc6 33. Rd3 Rd8 34. h3 Qe6 35. Rd5 Ne7 36. Rd4 Nf5 37. Re4 Qf6 38. Qd5 Rd7 39. c5 Ne7 40. Qd2 Kg7 41. cxd6 Rxd6 42. Qf4 Qxf4 43. Rxf4 Nf5 44. h4 Rd4 45. Rxd4 Nxd4 46. Kf2 Kf6 47. g4 Ke5 48. Kg3 Ne2+ 49. Kf2 Nf4 50. Kg3 Ne2+ 51. Kf2 Nf4 52. Kg3 Ne2+ 53. Kf2 1/2-1/2

[Event "Wch U20 59th"]
[Site "Cala Gonone"]
[Date "2022.10.13"]
[Round "2"]
[White "Javornik, Nik"]
[Black "Martins, Bruno Andre Leite"]
[Result "0-1"]
[WhiteElo "2064"]
[BlackElo "2306"]
[PlyCount "74"]
[EventDate "2022.10.12"]
[EventType "swiss"]
[EventRounds "11"]
[EventCountry "ITA"]
[SourceTitle "CBM 210 Extra"]
[Source "ChessBase"]
[SourceDate "2022.11.30"]
[SourceVersion "1"]
[SourceVersionDate "2022.11.30"]
[SourceQuality "1"]

1. Nf3 c5 2. g3 g6 3. Bg2 Bg7 4. 0-0 d5 5. d3 Nf6 6. Nbd2 0-0 7. c3 Nc6 8. e4 e5 9. Re1 Re8 10. exd5 Nxd5 11. Qb3 Nc7 12. Nc4 h6 13. Be3 Bf8 14. Rad1 b5 15. Ncxe5 Nxe5 16. Nxe5 Rxe5 17. Bxa8 Be6 18. Qc2 Qxa8 19. d4 Rh5 20. dxc5 Qf3 21. Qe2 Qxe2 22. Rxe2 Bg4 23. f3 Bxf3 24. Rd7 Bxe2 25. Rxc7 Bg4 26. b4 Re5 27. Kf2 Rf5+ 28. Ke1 Bg7 29. Bd4 Bxd4 30. cxd4 Rd5 31. Rxa7 Rxd4 32. a3 Kf8 33. c6 Rc4 34. c7 Ke8 35. Rb7 Bd7 36. Kd2 Ke7 37. Kd3 Kd6 0-1

[Event "EU-ch U16 Rapid"]
[Site "Thessaloniki"]
[Date "2022.07.20"]
[Round "2"]
[White "Javornik, Nik"]
[Black "Trost, Edvin"]
[Result "0-1"]
[WhiteElo "1880"]
[BlackElo "2103"]
[PlyCount "70"]
[EventDate "2022.07.20"]
[EventType "swiss (rapid)"]
[EventRounds "9"]
[EventCountry "GRE"]
[SourceTitle "EXT 2023"]
[Source "ChessBase"]
[SourceDate "2022.10.05"]
[SourceVersion "1"]
[SourceVersionDate "2022.10.05"]
[SourceQuality "1"]

1. e4 c5 2. Nf3 Nc6 3. d4 cxd4 4. Nxd4 e5 5. Nb5 d6 6. N1c3 a6 7. Na3 Be7 8. Nc4 b5 9. Ne3 Nf6 10. Bd3 0-0 11. 0-0 Nb4 12. a3 Nxd3 13. Qxd3 Be6 14. Ncd5 Rc8 15. c3 Nxd5 16. Nxd5 Rc5 17. Be3 Bxd5 18. exd5 Rc4 19. a4 f5 20. axb5 axb5 21. Ra7 f4 22. Bb6 Qxb6 23. Rxe7 f3 24. Ra1 fxg2 25. Qg3 Rg4 26. Qe3 Qd8 27. Raa7 Qc8 28. Rec7 Qf5 29. Ra1 h5 30. Rc6 h4 31. Rxd6 Rf4 32. Ra7 h3 33. Qc1 Rxf2 34. Rxg7+ Kxg7 35. Qh6+ Kf7 0-1

[Event "SLO-ch 32nd"]
[Site "Radenci"]
[Date "2022.07.05"]
[Round "4"]
[White "Plaskan, Jure"]
[Black "Javornik, Nik"]
[Result "1-0"]
[WhiteElo "2189"]
[BlackElo "1999"]
[PlyCount "70"]
[EventDate "2022.07.03"]
[EventType "swiss"]
[EventRounds "9"]
[EventCountry "SLO"]
[SourceTitle "EXT 2023"]
[Source "ChessBase"]
[SourceDate "2022.10.05"]
[SourceVersion "1"]
[SourceVersionDate "2022.10.05"]
[SourceQuality "1"]

1. d4 Nf6 2. Nf3 g6 3. g3 b6 4. Bg2 Bb7 5. 0-0 Bg7 6. c4 0-0 7. Re1 e6 8. Nc3 d5 9. cxd5 Nxd5 10. e4 Nxc3 11. bxc3 Nd7 12. Ba3 Re8 13. Qb3 Rc8 14. Rad1 Qf6 15. Qa4 Qd8 16. c4 a6 17. c5 b5 18. Qc2 c6 19. e5 a5 20. Nd2 f5 21. exf6 Nxf6 22. Bh3 Qd7 23. Nf3 Re7 24. Bc1 Nd5 25. Ng5 Rce8 26. Ne4 Nb4 27. Qb1 Qd5 28. Nd6 Nxa2 29. Bg2 Nc3 30. Qc2 Nxd1 31. Bxd5 exd5 32. Rxd1 Re1+ 33. Kg2 Rxd1 34. Qxd1 Re7 35. Bg5 Rc7 1-0

[Event "Wch U16 rapid"]
[Site "Rhodes"]
[Date "2022.05.01"]
[Round "5"]
[White "Chyzy, Jakub"]
[Black "Javornik, Nik"]
[Result "1-0"]
[WhiteElo "1951"]
[BlackElo "1864"]
[PlyCount "43"]
[EventDate "2022.05.01"]
[EventType "swiss (rapid)"]
[EventRounds "9"]
[EventCountry "GRE"]
[SourceTitle "CBM 208 Extra"]
[Source "ChessBase"]
[SourceDate "2022.07.31"]
[SourceVersion "1"]
[SourceVersionDate "2022.07.31"]
[SourceQuality "1"]

1. e4 c5 2. Nc3 Nc6 3. Bb5 g6 4. Bxc6 bxc6 5. d3 Bg7 6. f4 d6 7. Nf3 Nf6 8. 0-0 0-0 9. Qe1 Qb6 10. Kh1 Bb7 11. e5 Nd5 12. Ne4 Nb4 13. Qf2 c4 14. a3 Qa6 15. exd6 cxd3 16. Nc5 Qb6 17. axb4 exd6 18. Nxd3 Qc7 19. Rxa7 Rxa7 20. Qxa7 c5 21. bxc5 Ra8 22. Qb6 1-0

[Event "SLO-chT2 Ost"]
[Site "Slovenia"]
[Date "2021.09.25"]
[Round "4.5"]
[White "Glavac, Igor"]
[Black "Javornik, Nik"]
[Result "0-1"]
[WhiteElo "1844"]
[BlackElo "1925"]
[PlyCount "68"]
[EventDate "2021.09.11"]
[EventType "team-tourn"]
[EventRounds "9"]
[EventCountry "SLO"]
[SourceTitle "EXT 2024"]
[Source "ChessBase"]
[SourceDate "2023.10.10"]
[SourceVersion "1"]
[SourceVersionDate "2023.10.10"]
[SourceQuality "1"]
[WhiteTeam "Milan Majcen Sevnica"]
[BlackTeam "Maribor Poligram III"]
[WhiteTeamCountry "SLO"]
[BlackTeamCountry "SLO"]

1. d4 Nf6 2. c4 g6 3. Nf3 Bg7 4. g3 0-0 5. Bg2 d6 6. Nc3 Nc6 7. 0-0 e5 8. d5 Nb8 9. Qc2 a5 10. a3 Nbd7 11. e4 b6 12. Rb1 a4 13. Be3 Qe8 14. h3 Nc5 15. Nd2 Nh5 16. Rfe1 f5 17. Bxc5 bxc5 18. Kh2 Nf6 19. b4 axb3 20. Rxb3 fxe4 21. Ndxe4 Nxe4 22. Nxe4 Qa4 23. Bf1 Bf5 24. Kg1 Rab8 25. Rc3 Qxc2 26. Rxc2 Rb3 27. Rd2 Ra8 28. g4 Bxe4 29. Rxe4 Raxa3 30. Ree2 Bh6 31. Ra2 Rxa2 32. Rxa2 Kf7 33. h4 Bf4 34. Ra7 h6 0-1

[Event "SLO-chT2 Ost"]
[Site "Slovenia"]
[Date "2021.09.25"]
[Round "5.2"]
[White "Javornik, Nik"]
[Black "Florjancic, Rudolf"]
[Result "1-0"]
[WhiteElo "1925"]
[BlackElo "1749"]
[PlyCount "38"]
[EventDate "2021.09.11"]
[EventType "team-tourn"]
[EventRounds "9"]
[EventCountry "SLO"]
[SourceTitle "EXT 2024"]
[Source "ChessBase"]
[SourceDate "2023.10.10"]
[SourceVersion "1"]
[SourceVersionDate "2023.10.10"]
[SourceQuality "1"]
[WhiteTeam "Maribor Poligram III"]
[BlackTeam "Konjice Slovenske"]
[WhiteTeamCountry "SLO"]
[BlackTeamCountry "SLO"]

1. e4 c5 2. Nf3 d6 3. d4 cxd4 4. Nxd4 Nf6 5. Nc3 a6 6. Be3 e6 7. g4 Be7 8. Bg2 Qc7 9. g5 Nfd7 10. f4 Nb6 11. 0-0 Nc4 12. Bc1 Nc6 13. Kh1 Bd7 14. f5 0-0-0 15. fxe6 fxe6 16. Nxc6 Bxc6 17. Qd4 Ne5 18. b4 d5 19. exd5 exd5 1-0

[Event "SLO-chT2 Ost"]
[Site "Slovenia"]
[Date "2021.09.18"]
[Round "3.1"]
[White "Maric, Katarina"]
[Black "Javornik, Nik"]
[Result "0-1"]
[WhiteElo "1913"]
[BlackElo "1925"]
[PlyCount "104"]
[EventDate "2021.09.11"]
[EventType "team-tourn"]
[EventRounds "9"]
[EventCountry "SLO"]
[SourceTitle "EXT 2024"]
[Source "ChessBase"]
[SourceDate "2023.10.10"]
[SourceVersion "1"]
[SourceVersionDate "2023.10.10"]
[SourceQuality "1"]
[WhiteTeam "Pomgrad SD III"]
[BlackTeam "Maribor Poligram III"]
[WhiteTeamCountry "SLO"]
[BlackTeamCountry "SLO"]

1. e4 c5 2. Nc3 g6 3. g3 Bg7 4. Bg2 Nc6 5. d3 e5 6. Nh3 Nge7 7. 0-0 d6 8. Be3 0-0 9. f4 Nd4 10. Nd5 Nxd5 11. exd5 Bd7 12. fxe5 Bxe5 13. c3 Nf5 14. Bf2 h5 15. Qd2 Bg7 16. Rae1 Bh6 17. Nf4 Qg5 18. Re4 h4 19. gxh4 Nxh4 20. Bxh4 Qxh4 21. Qf2 Qxf2+ 22. Rxf2 Rfe8 23. Bf1 Bf5 24. Ra4 Re5 25. c4 Bd7 26. Ra5 a6 27. Ng2 Kg7 28. Re2 Rxe2 29. Bxe2 Bd2 30. Ra3 Bb4 31. Rb3 Ba4 32. Rxb4 cxb4 33. b3 Bd7 34. Nh4 a5 35. Kf2 a4 36. Ke3 axb3 37. axb3 Re8+ 38. Kd2 g5 39. Nf3 Bg4 40. d4 Bxf3 41. Bxf3 b6 42. Kd3 f5 43. c5 bxc5 44. dxc5 dxc5 45. h3 Rh8 46. Kc4 Rxh3 47. Be2 Rc3+ 48. Kb5 Rxb3 49. Kxc5 Rb2 50. Bd3 Kf6 51. Kc6 Rd2 52. Bb1 Ke5 0-1

[Event "Maribor Pirc Memorial U16 23rd"]
[Site "Maribor"]
[Date "2020.08.15"]
[Round "8"]
[White "Centrih, Aleks"]
[Black "Javornik, Nik"]
[Result "1/2-1/2"]
[WhiteElo "1733"]
[BlackElo "1892"]
[PlyCount "60"]
[EventDate "2020.08.12"]
[EventType "tourn"]
[EventRounds "9"]
[EventCountry "SLO"]
[SourceTitle "EXT 2021"]
[Source "ChessBase"]
[SourceDate "2020.10.23"]
[SourceVersion "1"]
[SourceVersionDate "2020.10.23"]
[SourceQuality "1"]

1. e4 c5 2. Nf3 g6 3. d4 cxd4 4. Qxd4 Nf6 5. e5 Nc6 6. Qa4 Nd5 7. Qe4 Nb6 8. Nc3 Bg7 9. Bf4 d5 10. exd6 Bf5 11. Qe2 0-0 12. 0-0-0 exd6 13. Rxd6 Qc8 14. Qd2 Re8 15. Bh6 Bh8 16. Be3 Na5 17. Bxb6 axb6 18. Nd4 Be5 19. Ndb5 Nc4 20. Bxc4 Qxc4 21. Kb1 Rxa2 22. Nxa2 Qxb5 23. Nc3 Qb3 24. Rd8 Qxc2+ 25. Qxc2 Bxc2+ 26. Kxc2 Rxd8 27. h3 Kg7 28. f3 Bf4 29. Rd1 Rxd1 30. Nxd1 f5 1/2-1/2

[Event "Maribor Pirc Memorial U16 23rd"]
[Site "Maribor"]
[Date "2020.08.15"]
[Round "7"]
[White "Javornik, Nik"]
[Black "Guid, Taja"]
[Result "1/2-1/2"]
[WhiteElo "1892"]
[BlackElo "1705"]
[PlyCount "95"]
[EventDate "2020.08.12"]
[EventType "tourn"]
[EventRounds "9"]
[EventCountry "SLO"]
[SourceTitle "EXT 2021"]
[Source "ChessBase"]
[SourceDate "2020.10.23"]
[SourceVersion "1"]
[SourceVersionDate "2020.10.23"]
[SourceQuality "1"]

1. e4 c5 2. Nf3 e6 3. d4 cxd4 4. Nxd4 Nc6 5. Nc3 Qc7 6. Be3 a6 7. Qd2 Nf6 8. f3 Ne5 9. 0-0-0 b5 10. g4 Bb4 11. g5 Nh5 12. Kb1 Bxc3 13. Qxc3 Qxc3 14. bxc3 Bb7 15. Be2 Ng6 16. c4 bxc4 17. Bxc4 Rc8 18. Bd3 Nhf4 19. Nb3 Nxd3 20. cxd3 d6 21. Kb2 0-0 22. Rhf1 Rfd8 23. f4 Ne7 24. Rc1 Nc6 25. Bb6 Re8 26. Rc3 e5 27. f5 f6 28. h4 Ne7 29. Rfc1 d5 30. Rxc8 Nxc8 31. Nc5 Nxb6 32. Nxb7 Rb8 33. Rc7 Na8 34. Rd7 Nb6 35. Rd8+ Rxd8 36. Nxd8 dxe4 37. dxe4 Na4+ 38. Kb3 Nc5+ 39. Kb4 Nxe4 40. gxf6 gxf6 41. a4 Nd6 42. Ka5 Nxf5 43. Ne6 Kf7 44. Nc5 Nxh4 45. Kxa6 f5 46. a5 f4 47. Kb7 f3 48. Ne4 1/2-1/2

[Event "Maribor Pirc Memorial U16 23rd"]
[Site "Maribor"]
[Date "2020.08.12"]
[Round "2"]
[White "Drevensek, Gasper"]
[Black "Javornik, Nik"]
[Result "0-1"]
[WhiteElo "1432"]
[BlackElo "1892"]
[PlyCount "54"]
[EventDate "2020.08.12"]
[EventType "tourn"]
[EventRounds "9"]
[EventCountry "SLO"]
[SourceTitle "EXT 2021"]
[Source "ChessBase"]
[SourceDate "2020.10.23"]
[SourceVersion "1"]
[SourceVersionDate "2020.10.23"]
[SourceQuality "1"]

1. e4 c5 2. Nc3 Nc6 3. f4 g6 4. Nf3 Bg7 5. Bb5 Nd4 6. 0-0 e6 7. e5 a6 8. Bd3 d6 9. Ne4 dxe5 10. fxe5 f5 11. exf6 Nxf6 12. Nxc5 Nxf3+ 13. Qxf3 Qd4+ 14. Kh1 Qxc5 15. Qg3 0-0 16. Re1 Nh5 17. Qg4 e5 18. Qe4 Bf5 19. Qxb7 Bxd3 20. cxd3 Qf2 21. Rg1 Nf4 22. b3 e4 23. Rb1 Ne2 24. Ba3 Nxg1 25. Bxf8 Rxf8 26. Rxg1 Bd4 27. Qd5+ Kh8 0-1